000 00326nam a22001457a 4500
008 221010b ||||| |||| 00| 0 eng d
020 _a0793513170
041 _aeng
080 _a781
082 _a781 ROD
100 _a20.1
101 _aMUZIK
245 _aTHE SOUND OF MUSIC
_cRODGERS AND HAMMERSTEIN
942 _2udc
_cBK
999 _c58423
_d58423